| 000 | 00438nam a2200145Ia 4500 | ||
|---|---|---|---|
| 008 | 210210b1993 xxu||||| |||| 00| 0 eng d | ||
| 020 | _a19 563362 8 | ||
| 082 | _a954 SUBA | ||
| 100 | _aCHATTERJEE (Partha) and PANDEY (Gyanendra). | ||
| 245 | _aSubaltern studies VII writings on south asian history and society. | ||
| 260 |
_aDelhi. _bOxford University Press., _c1993 |
||
| 300 | _aviii,272 | ||
| 690 | _aIndian History | ||
| 906 | _a047481 | ||
| 999 |
_c96270 _d96270 |
||